1864 1084 1805 1659 1032 1037 1476 1568 1413 1212 1127 1292 1733 1369 1625 1844 1221 1052 1406 1513 1694 1584 1411 1139 1230 1879 1471 1518 1645 1779 1371 1759 1550 1620 1522 1393 1682 1385 1128 1918 1875 1717 1969 1550 1121 1883 1952 1086 1452 1456 1838 1188 1827 1613 1097 1314 1327 1318 1265 1909 1197 1880 1431 1649 1672 1857 1955 1029 1619 1736 1172 1689 1080 1796 1875 1732 1494 1220 1577 1809 1975 1759 1712 1710 1429 1047 1495 1101 1743 1921 1600 1690 1264 1019 1780 1090 1495 1683 1637 BCNSPRNW ULIB Ver.6.0+V

เปลี่ยนเป็นภาษาไทย

Change to English
 แสดงรายละเอียดบรรณานุกรม
  กลับหน้าหลัก

Brief Record : Get Marc (ISO 2709) : E-mail record : QR code < ปิดหน้าต่าง
LEADER : 00000nam 2200000uu 4500
001    13399112772
003     ULIB
008    110908s2543||||th 000 0 tha d
020    9743334033
050  4 LB11051^bพ736ป 2543
245 00 ประมวลบทความนวัตกรรมเพื่อการเรียนรู้สำหรับครูยุคปฏิรูปการศึกษา /^cบรรณาธิการ, พิมพันธ์ เดชะคุปต์, ลัดดา ภู่เกียรติ, สุวัฒนา สุวรรณเขตนิคม
250    พิมพ์ครั้งที่ 2
260    กรุงเทพฯ :^bศูนย์ตำราและเอกสารทางวิชาการ คณะครุศาสตร์จุฬาลงกรณ์มหาวิทยาลัย,^c2543
300    328 หน้า ;^c21 ซม.
490 0  หนังสือชุดปฏิรูปการศึกษา
650  4 การสอนแบบผู้เรียนเป็นศูนย์กลาง
650  4 การเรียนรู้
650  4 การสอน
700 0  พิมพันธ์ เดชะคุปต์,^eบรรณาธิการ
700 0  ลัดดา ภู่เกียรติ,^eบรรณาธิการ
700 0  สุวัฒนา สุวรรณเขตนิคม,^eบรรณาธิการ
710 2  จุฬาลงกรณ์มหาวิทยาลัย. ^bคณะครุศาสตร์.^bศูนย์ตำราและเอกสารทางวิชาการ
945    ^p180^l0^i012849
945    ^p180^l0^i012850
995    ทศพร
999 ^a ทศพร
รายการนี้ยังไม่มีแท็ก
คุณยังไม่ได้ล็อกอิน คุณสามารถมีกิจกรรมร่วมกับเว็บไซต์ได้ แต่ต้องล็อกอินก่อน ::
  ล็อกอิน

รายการสื่อสารสนเทศ

ลำดับที่ ประเภท เลขเรียก/บาร์โค้ด สถานที่ สถานะ
- ไม่พบข้อมูล -

รายการใกล้เคียง
    หัวเรื่อง [การสอนแบบผู้เรียนเป็นศูนย์กลาง]
    หัวเรื่อง [การเรียนรู้]
    หัวเรื่อง [การสอน]

BibComment


ยังไม่เคยถูกคอมเมนท์

คอมเมนท์ทรัพยากรรายการนี้
  คอมเมนท์: ประมวลบทความนวัตก..


 Copyright 2026. Bcnsprnw @Library